| 000 | 00657pam a2200157 a 4500 | ||
|---|---|---|---|
| 020 | _a0566007215 : | ||
| 020 | _a0566051052 (pbk.) | ||
| 040 | _cDLC | ||
| 082 | 0 | 0 | _a331 IRR 1985 C150 Or. |
| 245 | 0 | 0 |
_aWomen in rice farming : _bproceedings of a conference on women in rice farming systems, the International Rice Research Institute, P.O. Box 933, Manila, Philippines, 26-30 September 1983. |
| 260 |
_aAldershot, Hants, England ; _aBrookfield, Vt., U.S.A. : _bGower ; _aManila, Philippines : _bIRRI, _cc1985. |
||
| 300 |
_axxxiv, 531 p. : _bill. ; _c23 cm. |
||
| 650 | 0 | _aWomen rice workers | |
| 710 | 2 | _aInternational Rice Research Institute. | |
| 942 | _cAEDBB | ||
| 999 |
_c18666 _d18666 |
||